| Tag |
First Indicator |
Second Indicator |
Subfields |
| LEADER |
00000cam a2200000 4500 |
| 001 |
in00000046895 |
| 005 |
20151007075454.0 |
| 008 |
800613s1939 moua b 00010 eng |
| 010 |
|
|
|a 40003571
|
| 035 |
|
|
|a (OCoLC)06418730
|
| 035 |
|
|
|9 AAF3269AM
|
| 040 |
|
|
|a DLC
|c TXA
|d UtOrBLW
|
| 049 |
|
|
|a TXAM
|c [92196]
|
| 050 |
|
0 |
|a QL944
|b .T8
|
| 082 |
0 |
|
|a 591.46
|
| 092 |
|
|
|a 591.46
|b T945c
|
| 100 |
1 |
|
|a Turner, C. W.
|q (Charles Wesley),
|d 1897-1975.
|
| 245 |
1 |
4 |
|a The comparative anatomy of the mammary glands :
|b with special reference to the udder of cattle /
|c by Charles W. Turner ...
|
| 264 |
|
1 |
|a Columbia, Mo. :
|b University cooperative store,
|c 1939.
|
| 300 |
|
|
|a 3 pages ., 373 pages, 4 unnumbered pages :
|b illustrations, diagrams ;
|c 28 x 23 cm.
|
| 336 |
|
|
|a text
|b txt
|2 rdacontent
|
| 337 |
|
|
|a unmediated
|b n
|2 rdamedia
|
| 338 |
|
|
|a volume
|b nc
|2 rdacarrier
|
| 500 |
|
|
|a Photoprinted.
|
| 504 |
|
|
|a Bibliography at end of each chapter.
|
| 650 |
|
0 |
|a Mammary glands.
|
| 650 |
|
0 |
|a Cattle.
|
| 650 |
|
0 |
|a Anatomy, Comparative.
|
| 999 |
|
|
|a MARS
|
| 999 |
f |
f |
|s be7ba330-444f-36a4-8188-81d41de56a66
|i b009ec4b-cbd9-3f85-8feb-9867ea95430e
|t 0
|
| 952 |
f |
f |
|p ric
|a Texas A&M University
|b Rellis Campus
|c Joint Library Facility
|d Remote Storage
|t 0
|e QL944 .T8
|h Library of Congress classification
|i unmediated -- volume
|m A14801006917
|
| 998 |
f |
f |
|a QL944 .T8
|t 0
|l Remote Storage
|